Татарська пустеля (Запис № 361566)

МАРК-запис
000 -Лідер
fixed length control field 00699nam a22002417a 4500
003 - Ідентифікатор контрольного номера
control field UA-OsUOA
001 - Контрольний номер
control field 75262
007 - Фіксоване поле фізичного опису
fixed length control field ta
008 - Елементи даних фіксованої довжини – загальна інформація
fixed length control field 20110516b un ||||| |||| 00| 0 ukr d
090 ## - Локальний шифр розміщення
Класифікаційний індекс УДК 821.161.2
Авторський знак (НП) Б94
040 ## - Джерело каталогізації
Агенція оригінальної каталогізації UA-OsUOA
Мова каталогізації ukr
Агенція, яка здійснювала перезапис UA-OsUOA
Агенція, яка здійснювала модифікацію UA-OsUOA
041 ## - Код мови
Код мови тексту/ звукової доріжки чи окремого заголовка (П) ukr
080 ## - Індекс Універсальної десяткової класифікації
Індекс Універсальної десяткової класифікації (УДК) (НП) 821.161.2
020 ## - Міжнародний стандартний книжковий номер (ISBN)
Міжнародний стандартний книжковий номер (ISBN) (НП) 978-966-03-5052-6
100 ## - Основне введення – ім’я особи
Ім’я особи (НП) Буццаті Д.
245 ## - Відомості про назву
Назва (НП) Татарська пустеля
Решта назви (НП) роман
Дані про відповідальність (НП) передмова та пер. з італ. Ю.Педана
260 ## - Публікація, розповсюдження і т.п. (Вихідні дані)
Місце публікації, розповсюдження і т.п. (П) Харків
Ім’я/ наймення видавництва, розповсюджувача і т.п. (П) Фоліо
Дата публікації, розповсюдження і т.п. (П) 2009
300 ## - Фізичний опис
Обсяг 220 с.
650 #7 - Додаткове предметне введення – тематичний термін
Тематичний термін чи географічна назва, як елемент введення (НП) 82 Література. Літературознавство
Джерело заголовка чи терміна UDC
942 ## - Додаткові елементи входу (Коха)
Тип елемента Koha Книги
955 ## - Код типу видання за змістом
Код типу видання за змістом (НП) Літературно-художні видання
Фонди
Стан вилучень Стан втрат Джерело класифікації або схеми стелажів Стан уражень Не для кредиту Код колекції Постійне місце розташування Поточне розміщення Дата придбання Джерело придбання Вартість, звичайна ціна покупки Інвентарний номер Усього замовленно Повний номер виклику Штрих-код Дата останнього перегляду Ціна ефективна від Тип елемента Koha
    Universal Decimal Classification     Колекція Жулинського М.Г. ЧЗ - Читальна зала ЧЗ - Читальна зала 16/05/2011 65/2011 25.00 132393   821.161.2 Б94 132393 06/02/2022 16/05/2011 Книги